| 000 | 00519nam a2200181Ia 4500 | ||
|---|---|---|---|
| 999 |
_c1636 _d1636 |
||
| 003 | OSt | ||
| 005 | 20200930124040.0 | ||
| 008 | 190216s9999||||xx |||||||||||||| ||und|| | ||
| 020 | _a8171417493 | ||
| 040 | _coclc | ||
| 082 |
_a632.32 _bMIS/B |
||
| 100 |
_aMishra, Shubhrata R _94845 |
||
| 245 | 0 |
_aBacterial Plant Diseases / _cShubhrata R Mishra |
|
| 260 |
_bDiscovery Publishing House, _aDelhi: _c2004. |
||
| 300 | _a217p | ||
| 650 | _aBotany | ||
| 942 |
_cBK _2ddc _h632.32 _iMIS/B _k632.32 _mMIS/B |
||